| 000 | 01740nam a2200349 a 4500 | ||
|---|---|---|---|
| 003 | CO-CtgCURN | ||
| 005 | 20250329165416.0 | ||
| 008 | 160531s2014 000 0 eng d | ||
| 040 |
_aCO-CtgCURN _bspa _ccoctgcurn |
||
| 082 | 0 |
_aBAC 2014 _bS161 |
|
| 245 | 0 | 0 |
_aIndicadores microbiologicos de calidad sanitaria de aguas de consumo y su asociacion con factores de riesgos sanitarios en la poblacion de la cabecera municipal del municipio de Talaigua Nuevo Bolívar en el segundo periodo del 2014 / _cJunior José Salas Arrieta ... [et al.] ; asesor, Elincer Elles Navarro. |
| 260 |
_aCartagena de Indias : _bCorporación Universitaria Rafael Nuñez, _c2014. |
||
| 300 | _a1 CD-Rom. | ||
| 336 | _2rdacontent | ||
| 337 |
_2rdamedia _asin mediacion _bn |
||
| 338 |
_2rdacarrier _avolumen _bnc |
||
| 500 | _aIncluye anexos. | ||
| 502 | _aTrabajo de grado (Bacteriologo). Corporación Universitaria Rafael Nuñez. Facultad de Ciencias de la Salud. Programa de Bacteriologia, 2014. | ||
| 504 | _aIncluye bibliografia. | ||
| 590 | _aBacteriologia | ||
| 650 | 0 |
_aBacteriologia _vTesis y disertaciones academicas. |
|
| 650 | 0 |
_aCalidad del agua _vMediciones _y2014. |
|
| 650 | 0 | _aIndicadores ambientales. | |
| 700 | 1 | _aSalas Arrieta, Junior José. | |
| 700 | 1 | _aCortes Espitia, Laura Vanessa. | |
| 700 | 1 | _aJiménez Cera, María Gabriela. | |
| 700 | 1 | _aRomero Niebles, Naileth Sofia. | |
| 700 | 1 |
_aElles Navarro, Elincer, _easesor. |
|
| 856 | 7 |
_uhttps://unicurn.sharepoint.com/:b:/s/biblioteca/ESqUCT22zvlMs9ik9kko1D4B_VuhcJSSfPfLEe-7MauTuQ?e=DfP8L2 _zClick aqui para ver el recurso en texto completo |
|
| 942 |
_hBAC 2014 _iS161 _2ddc _cTG |
||
| 999 |
_c3042 _d3042 |
||